Exploiting Symmetry in Applied and Numerical Analysis : 1992 AMS-SIAM Summer Seminar in Applied Mathematics, July 26-August 1, 1992, Colorado State University
Αποθηκεύτηκε σε:
| Συγγραφή απο Οργανισμό/Αρχή: | |
|---|---|
| Άλλοι συγγραφείς: | , , |
| Μορφή: | Πρακτικό Συνεδρίου Βιβλίο |
| Γλώσσα: | English |
| Δημοσίευση: |
Providence, Rhode Island :
American Mathematical Society,
c1993.
|
| Σειρά: | Lectures in applied mathematics ;
29 |
| Θέματα: | |
| Ετικέτες: |
Προσθήκη ετικέτας
Δεν υπάρχουν, Καταχωρήστε ετικέτα πρώτοι!
|
MARC
| LEADER | 00000cam a2200000 i 4500 | ||
|---|---|---|---|
| 001 | 1/36284 | ||
| 008 | 970123s1993####us | ||| |||| ||eng|| | ||
| 020 | |a 0821811347 | ||
| 035 | |a 1994 |c ΚΩΤΣΑΚΗΣ |l 10040199 | ||
| 040 | |a GR-MyUA |b gre |e AACR2 | ||
| 041 | 0 | |a eng | |
| 082 | 0 | |a 515.35 | |
| 111 | 0 | |a AMS-SIAM Summer Seminar in Applied Mathematics |n 22nd |d 1992 |c Colorado State University. | |
| 245 | 1 | 0 | |a Exploiting Symmetry in Applied and Numerical Analysis : |b 1992 AMS-SIAM Summer Seminar in Applied Mathematics, July 26-August 1, 1992, Colorado State University / |c Eugene L. Allgower, Kurt George and Rick Miranda, editors. |
| 260 | |a Providence, Rhode Island : |b American Mathematical Society, |c c1993. | ||
| 300 | |a 457 σ. ; |c 26 εκ. | ||
| 490 | 1 | |a (Lectures in applied mathematics |v ; 29) | |
| 504 | |a Περιέχει βιβλιογραφικές αναφορές. | ||
| 650 | 0 | 0 | |a Numerical analysis |x Congresses. |
| 650 | 0 | 0 | |a Symmetry groups |x Congresses. |
| 700 | 1 | |a Allgower, E. L. |q (Eugene L.) |e edt | |
| 700 | 1 | |a Georg, Kurt, |e edt | |
| 700 | 1 | |a Miranda, Rick |d 1953- |4 edt | |
| 830 | 0 | |a Lectures in applied mathematics ; |v 29 | |
| 852 | |a INST |b SAMOS |e 19970123 |h 515.35 AMS |p 005300009266 |q 005300009266 |t BK |y 0 | ||
| 901 | |a BIBL-1997-1 | ||
| 909 | |a Σ |b 049021 | ||